Statistics for Ray Winstone Filmography

Click here to take the quiz!

General Stats

  • This quiz has been taken 22 times
    (9 since last reset)
  • The average score is 28 of 189

Answer Stats

TypeYearName% Correct
Film2007Beowulf
50%
Video Game2007Beowulf: The Game
50%
Film2006The Departed
50%
Commercial2009Bet365
38%
Film2021Black Widow
38%
Commercial2009FA
38%
Film1997Face
38%
Film2011Hugo
38%
Film2010London Boulevard
38%
Film1997Nil by Mouth
38%
Film1979Scum
38%
TV Film1979Scum
38%
Film2012The Sweeney
38%
TV Show1976The Sweeney
38%
Film201013
25%
TV Show1995Casualty
25%
TV Film2003Henry VIII
25%
Film2018King of Thieves
25%
TV Show1984, 1989Minder
25%
Film2022Puss in Boots: The Last Wish
25%
Film1979Quadrophenia
25%
Film2011Rango
25%
TV Show1984-1986Robin Hood
25%
Film2000Sexy Beast
25%
Film1979That Summer!
25%
TV Show1991, 1995The Bill
25%
Film2005The Chronicles of Narnia: The Lion, the Witch and the Wardrobe
25%
Film2005The Proposition
25%
Film1999The War Zone
25%
Film200944 Inch Chest
13%
Film2022A Bit of Light
13%
Theater1995-1996Absolute Hell
13%
Film1999Agnes Browne
13%
Theater1995-1996Alice's Adventures Underground
13%
Theater1995-1996A Little Night Music
13%
Film2012Ashes
13%
TV Show2002At Home with the Braithwaites
13%
TV Show1984Auf Wiedersehen, Pet
13%
TV Mini-Series2010Ben Hur
13%
TV Show1992Between the Lines
13%
TV Show1991Birds of a Feather
13%
TV Show1999Births, Marriages, and Deaths
13%
TV Show1987Boon
13%
Short Film2002Bouncer
13%
Film1998Brand New World
13%
Film2006Breaking and Entering
13%
Theater1995-1996Broken Glass
13%
Film2019Cats
13%
TV Show1986C.A.T.S. Eyes
13%
Short Film2010Cold Kiss
13%
Film2003Cold Mountain
13%
TV Film2009Compulsion
13%
Theater1995-1996Cyrano
13%
Film2024Damsel
13%
Film1999Darkness Falls
13%
Theater1995-1996Dealer's Choice
13%
Film2010Edge of Darkness
13%
Film2012Elfie Hopkins
13%
TV Show1986Ever Decreasing Circles
13%
Film2004Everything
13%
TV Show1984Fairly Secret Army
13%
Film1999Fanny and Elvis
13%
TV Show1987Father Matthew's Daughter
13%
Film2009Fathers of Girls
13%
Film1998Final Cut
13%
Film2000Five Seconds to Spare
13%
Film2008Fool's Gold
13%
TV Show1980Fox
13%
TV Show1992-1993Get Back
13%
TV Show1995Ghostbusters of East Finchley
13%
TV Mini-Series2011Great Expectations
13%
Theater1988Hinkemann
13%
TV Show1990Home to Roost
13%
TV Show2016-2018Ice
13%
Film2008Indiana Jones and the Kingdom of the Crystal Skull
13%
Film2017Jawbone
13%
Short Film2010Jerusalem
13%
Music Video2013Jubilee Street
13%
TV Show1996Kavanagh QC
13%
Commercial2006-2007Kellogg's Optivita
13%
Video Game2011Killzone 3
13%
Film2004King Arthur
13%
Film1982Ladies and Gentlemen, The Fabulous Stains
13%
Film1994Ladybird, Ladybird
13%
Theater1995-1996La Grande Magia
13%
TV Film1999Last Christmas
13%
TV Film2009Last of the Ninth
13%
Film2001Last Orders
13%
TV Film2002Lenny Blue
13%
Film2014Lords of London
13%
Film2000Love, Honour and Obey
13%
Film1998Martha, Meet Frank, Daniel and Laurence
13%
Short Film1996Masculine Mescaline
13%
Theater1995-1996Mother Courage and Her Children
13%
TV Show1983Mr. Right
13%
TV Show1994Murder Most Horrid
13%
TV Mini-Series1992Nice Town
13%
TV Show1983Ninety Percent Proof, Bergerac
13%
Film2014Noah
13%
Theater1980Not Quite Jerusalem
13%
TV Film1984Number One
13%
TV Show2016Of Kings and Prophets
13%
Short Film2004Old Street
13%
TV Show1996One Foot in the Grave
13%
TV Film1997Our Boy
13%
Theater1995-1996Out of a House Walked a Man
13%
Theater1995Pale Horse
13%
TV Film1991Palmer
13%
Film2010Percy Jackson & the Olympians: The Lightning Thief
13%
TV Show1991Performance
13%
TV Show1981Play for Today
13%
TV Show1976Plays for Britain
13%
Film2015Point Break
13%
Film2022Prizefighter: The Life of Jim Belcher
13%
TV Show1987Pulaski: The TV Detective
13%
Short Film2012Repton Boxing Club
13%
Theater1995-1996Richard II
13%
Film2002Ripley's Game
13%
Theater1995-1996Rosencrantz and Guildenstern Are Dead
13%
TV Show1989, 1992Screen One
13%
Film2010Sex & Drugs & Rock & Roll
13%
TV Show1996Sharman
13%
TV Film2004She's Gone
13%
Theater1995-1996Skylight
13%
Short Film2017Sliding Away
13%
Film2012Snow White and the Huntsman
13%
Theater1994Some Voices
13%
Short Film2017Space for You
13%
TV Show1995Space Precinct
13%
Theater1995-1996Stanley
13%
Short Film1982Superhero
13%
TV Film2006Sweeney Todd
13%
Film1989Tank Malling
13%
TV Show1981Theatre Box
13%
Theater1995-1996The Blue Ball
13%
Theater1995-1996The Children's Hour
13%
Film2009The Devil's Tomb
13%
Film2015The Gunman
13%
Film2012The Hot Potato
13%
Film2015The Legend of Barney Thomson
13%
TV Show1984The Lonelyheart Kid
13%
Theater1995-1996The Machine Wreckers
13%
Film2005The Magic Roundabout
13%
Theater1995-1996The Man Who
13%
Film2001The Martins
13%
Theater1995-1996The Merry Wives of Windsor
13%
TV Film1994The Negotiator
13%
Theater2002The Night Heron
13%
TV Mini-Series2016The Nightmare Worlds of H.G. Wells
13%
Film2019The Queen's Corgi
13%
Film2000There's Only One Jimmy Grimble
13%
Film1998The Sea Change
13%
TV Mini-Series2015The Trials of Jimmy Rose
13%
Theater1995-1996The Way of the World
13%
Theater1995-1996The Wind in the Willows
13%
TV Show2016The Wombles
13%
TV Show1996Thief Takers
13%
Theater2000To the Green Fields Beyond
13%
TV Film2002Tough Love
13%
Film2010Tracker
13%
Film1999Tube Tales
13%
Theater1995-1996Two Weeks with the Queen
13%
TV Show1992Underbelly
13%
Theater1995-1996Under Milk Wood
13%
TV Show2005-2006Vincent
13%
Theater1995-1996Violin Time
13%
Commercial2006Vodafone
13%
Theater1995-1996Volpone
13%
Theater1995-1996What the Butler Saw
13%
Theater1995-1996Women of Troy
13%
Film1998Woundings
13%
Short Film1998Yellow
13%
TV Show1975You and the World
13%
Film2015Zipper
13%
TV Film2006All in the Game
0%
TV Documentary2006Bobby Moore
0%
TV Show2005Celebrity Stitch Up
0%
TV Show2013, 2020Have I Got News for You
0%
Documentary2016Learning the Ropes
0%
TV Film1997Macbeth on the Estate
0%
TV Mini-Series2013Moonfleet
0%
Documentary Series2020Ray Winstone in Sicily
0%
Film2012Run for Your Wife
0%
FilmTBASabini
0%
TV Show2001The Fear
0%
TV Show2014The Kumars
0%
TV Show2002The Kumars at No. 42
0%
TV Show2006, 2012Top Gear
0%
Theater1995-1996Wild Oats
0%

Score Distribution

Percentile by Number Answered

Percent of People with Each Score

Your Score History

You have not taken this quiz since the last reset